[Event "7. Open de Sants Hostafrancs"]
[Site "Barcelona ESP"]
[Date "2005.09.03"]
[Round "9.6"]
[White "Narciso Dublan, Marc"]
[Black "Purnama, Tirta Chandra"]
[Result "0-1"]
[WhiteElo "2476"]
[BlackElo "2337"]
[PlyCount "66"]
[EventDate "2005.08.27"]
[EventType "swiss"]
[EventRounds "10"]
[EventCountry "ESP"]
[Source "lmi"]
[SourceDate "2005.08.30"]

1. c4 Nf6 2. Nc3 c6 3. e4 d5 4. exd5 cxd5 5. d4 Nc6 6. Nf3 Bg4 7. cxd5 Nxd5 8.
Qb3 Bxf3 9. gxf3 Nb6 10. Be3 e6 11. O-O-O Be7 12. d5 exd5 13. Nxd5 Nxd5 14.
Rxd5 Qc8 15. Kb1 O-O 16. Bc4 Bf6 17. Rhd1 b6 18. Qa4 Ne5 19. Be2 Qh3 20. Qf4
Rfe8 21. a3 h6 22. Bb5 Re7 23. Qe4 Ng6 24. Qg4 Qxh2 25. Rh5 Qc7 26. Rdh1 Rd8
27. Bc4 Kf8 28. Rxh6 gxh6 29. Bxh6+ Bg7 30. Qg5 Qxc4 31. Bxg7+ Kxg7 32. Qh6+
Kg8 33. Qh7+ Kf8 0-1

[Event "7. Open de Sants Hostafrancs"]
[Site "Barcelona ESP"]
[Date "2005.09.03"]
[Round "9.7"]
[White "Peralta, Fernando"]
[Black "Zude, Erik"]
[Result "1-0"]
[WhiteElo "2553"]
[BlackElo "2424"]
[PlyCount "97"]
[EventDate "2005.08.27"]
[EventType "swiss"]
[EventRounds "10"]
[EventCountry "ESP"]
[Source "lmi"]
[SourceDate "2005.08.30"]

1. d4 Nf6 2. c4 g6 3. Nc3 Bg7 4. e4 d6 5. Nf3 O-O 6. Be2 e5 7. Be3 Na6 8. O-O
Ng4 9. Bg5 Qe8 10. dxe5 dxe5 11. h3 f6 12. Bd2 Nh6 13. c5 Nxc5 14. Qc1 Nf7 15.
Nd5 Ne6 16. Nxc7 Nxc7 17. Qxc7 Nd8 18. b4 Be6 19. Rfc1 Rf7 20. Qc3 Qc6 21. Qxc6
Nxc6 22. b5 Nd8 23. Be3 Rd7 24. a4 Nf7 25. b6 axb6 26. Bb5 Rdd8 27. Bxb6 Rdc8
28. Rxc8+ Rxc8 29. Rd1 Bf8 30. Bd7 Bxd7 31. Rxd7 Rc1+ 32. Kh2 Ra1 33. a5 Bb4
34. Rxb7 Bxa5 35. Bc5 Rd1 36. g3 Kg7 37. Kg2 Rc1 38. Bd6 Rd1 39. Bxe5 Rc1 40.
Ng5 fxe5 41. Rxf7+ Kg8 42. Ra7 Bb6 43. Rb7 Rc6 44. Nxh7 Bd4 45. Ng5 Rc2 46.
Rb8+ Kg7 47. Ne6+ Kf6 48. Nxd4 exd4 49. Rb5 1-0

[Event "7. Open de Sants Hostafrancs"]
[Site "Barcelona ESP"]
[Date "2005.09.03"]
[Round "9.8"]
[White "Aloma Vidal, Robert"]
[Black "Marin, Mihail"]
[Result "1/2-1/2"]
[WhiteElo "2537"]
[BlackElo "2350"]
[PlyCount "105"]
[EventDate "2005.08.27"]
[EventType "swiss"]
[EventRounds "10"]
[EventCountry "ESP"]
[Source "lmi"]
[SourceDate "2005.08.30"]

1. d4 Nf6 2. c4 c5 3. d5 e5 4. Nc3 d6 5. g3 Be7 6. Bg2 O-O 7. e4 Nbd7 8. Nge2
Ne8 9. O-O g6 10. Bh6 Ng7 11. f4 exf4 12. gxf4 f5 13. exf5 Rxf5 14. Ng3 Rf8 15.
Bh3 Nb6 16. Bxc8 Rxc8 17. Qd3 Bf6 18. Rae1 Rc7 19. b3 Nc8 20. Nce4 Bd4+ 21. Kg2
Qh4 22. Bg5 Qg4 23. h3 Qd7 24. Bh6 Ne7 25. Ng5 Nef5 26. Nxf5 Rxf5 27. Bxg7 Bxg7
28. Re6 Bf8 29. Ne4 Qd8 30. Ng3 Rf6 31. f5 Rg7 32. Rxf6 Qxf6 33. fxg6 Qxg6 34.
Qxg6 Rxg6 35. Rf4 Bg7 36. Rg4 Rxg4 37. hxg4 Kf7 38. Ne4 Bf8 39. Ng5+ Kg6 40.
Ne6 Be7 41. Kf3 h6 42. Nf4+ Kf6 43. Nd3 Kg6 44. a4 Bg5 45. b4 cxb4 46. Nxb4 Bd8
47. Nd3 Bb6 48. Kf4 Kf6 49. Ne1 Bf2 50. Nf3 Bc5 51. Nd2 Bb4 52. Ne4+ Kg6 53.
Ng3 1/2-1/2

[Event "7. Open de Sants Hostafrancs"]
[Site "Barcelona ESP"]
[Date "2005.09.03"]
[Round "9.9"]
[White "Megaranto, Susanto"]
[Black "Ledger, Andrew"]
[Result "1-0"]
[WhiteElo "2499"]
[BlackElo "2438"]
[PlyCount "65"]
[EventDate "2005.08.27"]
[EventType "swiss"]
[EventRounds "10"]
[EventCountry "ESP"]
[Source "lmi"]
[SourceDate "2005.08.30"]

1. e4 e6 2. d4 d5 3. Nc3 Nf6 4. e5 Nfd7 5. f4 c5 6. Nf3 Nc6 7. Be3 a6 8. Qd2
cxd4 9. Nxd4 Bc5 10. O-O-O O-O 11. h4 Nxd4 12. Bxd4 b5 13. Bxc5 Nxc5 14. Qd4
Qe7 15. Kb1 Bb7 16. Bd3 Rfd8 17. h5 Rac8 18. g4 Qc7 19. a3 Ne4 20. Bxe4 dxe4
21. Qe3 h6 22. Rxd8+ Rxd8 23. Rg1 Qd7 24. g5 hxg5 25. Rxg5 Kh8 26. Rg1 Qd4 27.
Qg3 Rg8 28. h6 g6 29. Rd1 Qc4 30. Qg5 Kh7 31. Qe7 Bd5 32. Qxf7+ Kh8 33. h7 1-0

[Event "7. Open de Sants Hostafrancs"]
[Site "Barcelona ESP"]
[Date "2005.09.03"]
[Round "9.10"]
[White "Gordon, Stephen J"]
[Black "Gonzalez, Yuri"]
[Result "1/2-1/2"]
[WhiteElo "2390"]
[BlackElo "2495"]
[PlyCount "35"]
[EventDate "2005.08.27"]
[EventType "swiss"]
[EventRounds "10"]
[EventCountry "ESP"]
[Source "lmi"]
[SourceDate "2005.08.30"]

1. d4 Nf6 2. c4 c5 3. d5 e6 4. Nc3 exd5 5. cxd5 d6 6. Nf3 g6 7. h3 Bg7 8. e4
O-O 9. Bd3 Re8 10. O-O c4 11. Bc2 b5 12. Re1 b4 13. Nb5 Qb6 14. a4 a6 15. Nbd4
b3 16. Bb1 Bb7 17. a5 Qc7 18. Ra4 1/2-1/2

[Event "7. Open de Sants Hostafrancs"]
[Site "Barcelona ESP"]
[Date "2005.09.03"]
[Round "9.11"]
[White "Lopez Gracia, Fernando"]
[Black "Al Sayed, Mohamad Naser"]
[Result "0-1"]
[WhiteElo "2323"]
[BlackElo "2478"]
[PlyCount "62"]
[EventDate "2005.08.27"]
[EventType "swiss"]
[EventRounds "10"]
[EventCountry "ESP"]
[Source "lmi"]
[SourceDate "2005.08.30"]

1. Nf3 d5 2. d4 Nf6 3. c4 c6 4. Nc3 e6 5. Bg5 h6 6. Bh4 dxc4 7. e4 g5 8. Bg3 b5
9. Be2 Bb7 10. h4 g4 11. Ne5 h5 12. O-O Nbd7 13. Qc2 Nxe5 14. Bxe5 Bh6 15. b3
cxb3 16. axb3 O-O 17. Bg3 c5 18. dxc5 b4 19. Rfd1 Qc8 20. Nb5 Nxe4 21. Nd6 Qxc5
22. Qxc5 Nxc5 23. Nxb7 Nxb7 24. Rd7 Bg7 25. Ra2 Nc5 26. Rdxa7 Rxa7 27. Rxa7
Nxb3 28. Bd6 Rc8 29. Bxb4 Nd4 30. Bf1 Nf5 31. g3 Nxg3 0-1

[Event "7. Open de Sants Hostafrancs"]
[Site "Barcelona ESP"]
[Date "2005.09.03"]
[Round "9.12"]
[White "Fluvia Poyatos, Joan"]
[Black "Gabrielsen, Trond"]
[Result "1/2-1/2"]
[WhiteElo "2458"]
[BlackElo "2243"]
[PlyCount "91"]
[EventDate "2005.08.27"]
[EventType "swiss"]
[EventRounds "10"]
[EventCountry "ESP"]
[Source "lmi"]
[SourceDate "2005.08.30"]

1. e4 c5 2. Nf3 Nc6 3. d4 cxd4 4. Nxd4 Nf6 5. Nc3 e5 6. Ndb5 d6 7. Bg5 a6 8.
Na3 b5 9. Nd5 Be7 10. Bxf6 Bxf6 11. c3 Nb8 12. Nc2 Nd7 13. g3 O-O 14. Bg2 Bb7
15. Nce3 Bg5 16. Nf5 Bxd5 17. Qxd5 Nb6 18. Qxd6 Nc4 19. Qxd8 Rfxd8 20. b3 Na3
21. O-O Rd3 22. h4 Bd8 23. Rfc1 Rc8 24. c4 bxc4 25. Bf1 Rd2 26. Bxc4 Nxc4 27.
bxc4 g6 28. Nh6+ Kg7 29. Ng4 Bb6 30. Rd1 Rc2 31. Rac1 Rxa2 32. Ra1 Rxa1 33.
Rxa1 Rxc4 34. Rxa6 Rxe4 35. Nxe5 Bxf2+ 36. Kxf2 Rxe5 37. Kf3 Rf5+ 38. Kg2 h5
39. Ra8 Rd5 40. Kf3 Kf6 41. Ra4 Ke6 42. Re4+ Re5 43. Ra4 f6 44. Ra6+ Kf5 45.
Ra4 Rb5 46. Rf4+ 1/2-1/2

[Event "7. Open de Sants Hostafrancs"]
[Site "Barcelona ESP"]
[Date "2005.09.03"]
[Round "9.13"]
[White "Martin Perez, Javier"]
[Black "Fluvia Poyatos, Jordi"]
[Result "1/2-1/2"]
[WhiteElo "2304"]
[BlackElo "2443"]
[PlyCount "66"]
[EventDate "2005.08.27"]
[EventType "swiss"]
[EventRounds "10"]
[EventCountry "ESP"]
[Source "lmi"]
[SourceDate "2005.08.30"]

1. e4 e6 2. d4 d5 3. Nc3 h6 4. Bd3 Nc6 5. Nf3 Nb4 6. Be2 Nf6 7. e5 Ne4 8. O-O
c5 9. Nxe4 dxe4 10. Nd2 cxd4 11. Nxe4 Qd5 12. Bf3 Qxe5 13. c3 Nc6 14. g3 g5 15.
Re1 Qg7 16. cxd4 Nxd4 17. Bd2 Be7 18. Bc3 e5 19. Bxd4 exd4 20. Nd6+ Kf8 21. Qe2
Qf6 22. Nxb7 Bxb7 23. Bxb7 Rb8 24. Qe4 d3 25. Re3 Bc5 26. Rf3 Qxb2 27. Bd5
Qxa1+ 28. Kg2 Qg7 29. Rxf7+ Qxf7 30. Bxf7 Kxf7 31. Qf5+ Ke8 32. Qxc5 Rd8 33.
Qe5+ Kf7 1/2-1/2

[Event "7. Open de Sants Hostafrancs"]
[Site "Barcelona ESP"]
[Date "2005.09.03"]
[Round "9.14"]
[White "Levin, Felix"]
[Black "Oms Fuentes, Lluis"]
[Result "1/2-1/2"]
[WhiteElo "2501"]
[BlackElo "2281"]
[PlyCount "135"]
[EventDate "2005.08.27"]
[EventType "swiss"]
[EventRounds "10"]
[EventCountry "ESP"]
[Source "lmi"]
[SourceDate "2005.08.30"]

1. d4 f5 2. Nc3 d5 3. Bf4 e6 4. e3 Nf6 5. Nb5 Bd6 6. Nf3 O-O 7. c4 Bxf4 8. exf4
c6 9. Nc3 Nbd7 10. Bd3 Ne4 11. O-O Qf6 12. Ne2 dxc4 13. Bxc4 Nb6 14. Bd3 Nd5
15. Ne5 Nd6 16. Qd2 Rd8 17. Nc3 Nf7 18. Nf3 Bd7 19. Nxd5 exd5 20. Qb4 b6 21.
Ne5 Nxe5 22. fxe5 Qf8 23. Qc3 c5 24. dxc5 bxc5 25. Rac1 c4 26. Be2 Be6 27. Rfd1
Rab8 28. Rd2 Rd7 29. Bf3 Rbd8 30. Rcd1 g5 31. g3 Kg7 32. Rd4 h6 33. Qa5 Qf7 34.
b3 cxb3 35. axb3 Kh7 36. Rc1 Qg7 37. Qe1 Rc7 38. Rcd1 Rcd7 39. Bg2 f4 40. Qe2
fxg3 41. hxg3 Qf7 42. Bf3 Kh8 43. Rc1 Rc7 44. Rxc7 Qxc7 45. Qe3 Rd7 46. Ra4 Qb7
47. Qd3 Qc7 48. Qg6 Qxe5 49. Qxh6+ Rh7 50. Qf8+ Bg8 51. Kg2 Qe6 52. Bg4 Qc6 53.
Qf5 Qh6 54. Qe5+ Qg7 55. Qxg7+ Rxg7 56. Ra5 Rb7 57. Bf3 Rd7 58. Bg4 Rb7 59. Bf3
Rd7 60. Kf1 Kg7 61. Ra6 d4 62. Bd1 d3 63. Ke1 Bh7 64. Kd2 Bg6 65. Bf3 Rf7 66.
Ke3 Re7+ 67. Kd2 Rf7 68. Ke3 1/2-1/2

[Event "7. Open de Sants Hostafrancs"]
[Site "Barcelona ESP"]
[Date "2005.09.03"]
[Round "9.15"]
[White "Almeida, Omar"]
[Black "Randazzo, Adrian"]
[Result "1-0"]
[WhiteElo "2462"]
[BlackElo "2262"]
[PlyCount "73"]
[EventDate "2005.08.27"]
[EventType "swiss"]
[EventRounds "10"]
[EventCountry "ESP"]
[Source "lmi"]
[SourceDate "2005.08.30"]

1. d4 Nf6 2. Nf3 c5 3. d5 b5 4. Bg5 Ne4 5. Bf4 Qb6 6. Nbd2 Nxd2 7. Qxd2 d6 8.
e4 Nd7 9. c3 Bb7 10. Bd3 g6 11. O-O Bg7 12. a4 a6 13. Qe2 c4 14. Bc2 O-O 15.
Be3 Nc5 16. Nd4 Rab8 17. Ra2 Ba8 18. axb5 axb5 19. Rfa1 Bb7 20. h4 Ra8 21. h5
Rxa2 22. Rxa2 Ra8 23. Rxa8+ Bxa8 24. Qg4 Bb7 25. e5 Qd8 26. hxg6 hxg6 27. e6
Bxd5 28. exf7+ Bxf7 29. Bxg6 Qe8 30. Bxf7+ Kxf7 31. Nf5 Qf8 32. Bxc5 dxc5 33.
Nxg7 Qxg7 34. Qxg7+ Kxg7 35. f4 Kf6 36. g4 Ke6 37. Kf2 1-0

[Event "7. Open de Sants Hostafrancs"]
[Site "Barcelona ESP"]
[Date "2005.09.03"]
[Round "9.17"]
[White "Escobar Forero, Alder"]
[Black "Asensio Liñan, Teodoro"]
[Result "1-0"]
[WhiteElo "2416"]
[BlackElo "2228"]
[PlyCount "75"]
[EventDate "2005.08.27"]
[EventType "swiss"]
[EventRounds "10"]
[EventCountry "ESP"]
[Source "lmi"]
[SourceDate "2005.08.30"]

1. e4 e5 2. Nf3 Nc6 3. Bb5 a6 4. Bxc6 dxc6 5. O-O f6 6. d4 exd4 7. Nxd4 c5 8.
Nb3 Qxd1 9. Rxd1 Bg4 10. f3 Bd7 11. Nc3 c4 12. Nd4 O-O-O 13. Be3 Bd6 14. Rd2
Ne7 15. Rad1 g5 16. g3 h5 17. Nde2 Be5 18. Bd4 Rhf8 19. Bc5 Rfe8 20. Bxe7 Rxe7
21. Nd5 Rf7 22. c3 Rg8 23. Ne3 Ba4 24. Rb1 g4 25. f4 Bd6 26. Nxc4 Bc5+ 27. Nd4
Bc6 28. Re1 Re7 29. e5 Rge8 30. Rde2 Bd5 31. Ne3 Bf3 32. Nef5 Bxe2 33. Nxe7+
Rxe7 34. Rxe2 Kd7 35. Kf2 fxe5 36. Rxe5 Rxe5 37. fxe5 Ba7 38. Ke3 1-0

[Event "7. Open de Sants Hostafrancs"]
[Site "Barcelona ESP"]
[Date "2005.09.03"]
[Round "9.18"]
[White "Mascaro March, Pedro"]
[Black "Almeida Toledano, Daniel"]
[Result "1/2-1/2"]
[WhiteElo "2406"]
[BlackElo "2163"]
[PlyCount "45"]
[EventDate "2005.08.27"]
[EventType "swiss"]
[EventRounds "10"]
[EventCountry "ESP"]
[Source "lmi"]
[SourceDate "2005.08.30"]

1. d4 d5 2. c4 c6 3. Nf3 Nf6 4. e3 e6 5. Nc3 Nbd7 6. Bd3 dxc4 7. Bxc4 b5 8. Bd3
a6 9. a4 b4 10. Ne4 Bb7 11. Nxf6+ Nxf6 12. b3 c5 13. Bb2 cxd4 14. Bxd4 Bd6 15.
Bc2 O-O 16. O-O Ne4 17. Bxg7 Ng5 18. Bxf8 Nxf3+ 19. Kh1 Qxf8 20. gxf3 Bxh2 21.
Qd3 Bxf3+ 22. Kxh2 Qh6+ 23. Kg3 1/2-1/2

[Event "7. Open de Sants Hostafrancs"]
[Site "Barcelona ESP"]
[Date "2005.09.03"]
[Round "9.19"]
[White "Aguilar Garrido, Ivan"]
[Black "Hernando Rodrigo, Julio A"]
[Result "0-1"]
[WhiteElo "2203"]
[BlackElo "2371"]
[PlyCount "68"]
[EventDate "2005.08.27"]
[EventType "swiss"]
[EventRounds "10"]
[EventCountry "ESP"]
[Source "lmi"]
[SourceDate "2005.08.30"]

1. d4 Nf6 2. c4 c5 3. d5 b5 4. Qc2 d6 5. e4 g6 6. cxb5 Bg7 7. Bc4 a6 8. Nc3 O-O
9. Nge2 axb5 10. Nxb5 Nbd7 11. Nec3 Nb6 12. Be2 Nfd7 13. O-O Ne5 14. f4 Ned7
15. Be3 f5 16. exf5 gxf5 17. a4 Nf6 18. Rfd1 Bb7 19. Bf3 Nc4 20. Qe2 Nxe3 21.
Qxe3 Rf7 22. h3 Bc8 23. Qd3 Qa5 24. Qc4 Bd7 25. Ra3 Kh8 26. Rb3 Rg8 27. Re1 h5
28. Na3 Ne4 29. Bxe4 fxe4 30. Kh2 Rxf4 31. Rxe4 Rf2 32. Ne2 Be5+ 33. Rg3 Rxg3
34. Nxg3 Qd2 0-1

[Event "7. Open de Sants Hostafrancs"]
[Site "Barcelona ESP"]
[Date "2005.09.03"]
[Round "9.20"]
[White "Al Sulaiti, Ghanem"]
[Black "Hernando Rodrigo, Jose Maria"]
[Result "0-1"]
[WhiteElo "2076"]
[BlackElo "2351"]
[PlyCount "95"]
[EventDate "2005.08.27"]
[EventType "swiss"]
[EventRounds "10"]
[EventCountry "ESP"]
[Source "lmi"]
[SourceDate "2005.08.30"]

1. e4 d5 2. exd5 Qxd5 3. Nc3 Qa5 4. d4 Nf6 5. Nf3 Bg4 6. h3 Bh5 7. g4 Bg6 8.
Ne5 e6 9. Bg2 c6 10. h4 Be4 11. Bxe4 Nxe4 12. Qf3 Nd6 13. Bf4 f6 14. Nd3 Nd7
15. O-O-O O-O-O 16. Rhe1 Re8 17. Re2 Nc4 18. Rde1 Ba3 19. Kb1 Qb6 20. Na4 Qa5
21. Nc3 e5 22. Nd1 Rd8 23. Bc1 Bd6 24. dxe5 Ndxe5 25. Nxe5 Bxe5 26. Qf5+ Kb8
27. f4 Na3+ 28. Ka1 g6 29. Qe4 Rd4 30. Qh1 Ra4 31. fxe5 Nxc2+ 32. Kb1 Nxe1 33.
Rxe1 fxe5 34. Nc3 Rxg4 35. Qf3 Rd4 36. Qf6 Re8 37. Qf7 Qd8 38. Qxh7 Qf6 39. Bg5
Qf5+ 40. Ka1 Rd3 41. Qg7 e4 42. Qf6 Kc8 43. Kb1 Rf3 44. Qxf5+ gxf5 45. Ne2 Rf2
46. Nf4 Re5 47. Nd3 exd3 48. Rxe5 0-1

[Event "7. Open de Sants Hostafrancs"]
[Site "Barcelona ESP"]
[Date "2005.09.04"]
[Round "10.1"]
[White "Nisipeanu, Liviu Dieter"]
[Black "Handke, Florian"]
[Result "1-0"]
[WhiteElo "2679"]
[BlackElo "2460"]
[PlyCount "52"]
[EventDate "2005.08.27"]
[EventType "swiss"]
[EventRounds "10"]
[EventCountry "ESP"]
[Source "lmi"]
[SourceDate "2005.08.30"]

1. e4 e5 2. Nf3 Nc6 3. Bb5 a6 4. Ba4 Nf6 5. O-O Be7 6. Re1 b5 7. Bb3 O-O 8. c3
d5 9. exd5 Nxd5 10. d4 exd4 11. cxd4 Bb4 12. Bd2 Bg4 13. Qc1 Qd7 14. Bxd5 Qxd5
15. Bxb4 Bxf3 16. Bxf8 Nxd4 17. Bxg7 Kxg7 18. Nc3 Qf5 19. Qe3 Rd8 20. gxf3
Nxf3+ 21. Kh1 Rd3 22. Rg1+ Kf8 23. Qh6+ Ke7 24. Rg8 b4 25. Qc6 f6 26. Qxc7+ Rd7
1-0

[Event "7. Open de Sants Hostafrancs"]
[Site "Barcelona ESP"]
[Date "2005.09.04"]
[Round "10.2"]
[White "Parligras, Mircea"]
[Black "Al Modiahki, Mohamad"]
[Result "1/2-1/2"]
[WhiteElo "2571"]
[BlackElo "2570"]
[PlyCount "38"]
[EventDate "2005.08.27"]
[EventType "swiss"]
[EventRounds "10"]
[EventCountry "ESP"]
[Source "lmi"]
[SourceDate "2005.08.30"]

1. e4 e6 2. d4 d5 3. Nd2 c5 4. exd5 Qxd5 5. Ngf3 cxd4 6. Bc4 Qd6 7. O-O Nf6 8.
Nb3 Nc6 9. Nbxd4 Nxd4 10. Nxd4 a6 11. Bb3 Qc7 12. Re1 Bd6 13. h3 O-O 14. Bg5
Bh2+ 15. Kh1 Bf4 16. Bxf6 gxf6 17. c3 Kh8 18. Qh5 Rg8 19. Bd1 Qd8 1/2-1/2

[Event "7. Open de Sants Hostafrancs"]
[Site "Barcelona ESP"]
[Date "2005.09.04"]
[Round "10.4"]
[White "Al Sayed, Mohamad Naser"]
[Black "Peralta, Fernando"]
[Result "1/2-1/2"]
[WhiteElo "2478"]
[BlackElo "2553"]
[PlyCount "77"]
[EventDate "2005.08.27"]
[EventType "swiss"]
[EventRounds "10"]
[EventCountry "ESP"]
[Source "lmi"]
[SourceDate "2005.08.30"]

1. d4 d5 2. c4 c6 3. Nc3 dxc4 4. e4 b5 5. a4 b4 6. Na2 Nf6 7. e5 Nd5 8. Bxc4 e6
9. Nf3 Be7 10. Bd2 Ba6 11. Qe2 Bxc4 12. Qxc4 Nb6 13. Qc2 a5 14. Nc1 Qd5 15. O-O
N8d7 16. Nd3 c5 17. Nf4 Qc6 18. dxc5 O-O 19. Rfc1 Nxc5 20. Be3 Rac8 21. Nd3
Nbd7 22. Bg5 b3 23. Qc4 Bxg5 24. Nxg5 h6 25. Nf3 Qb7 26. Rc3 Nxd3 27. Qxd3 Rxc3
28. Qxc3 Qd5 29. h3 Nb6 30. Ra3 Rc8 31. Qd4 Rc5 32. Qxd5 Rxd5 33. Rxb3 Nxa4 34.
Rb8+ Kh7 35. Rb7 Kg6 36. Nh4+ Kh7 37. f4 Kg8 38. Rb8+ Kh7 39. Rb7 1/2-1/2

[Event "7. Open de Sants Hostafrancs"]
[Site "Barcelona ESP"]
[Date "2005.09.04"]
[Round "10.5"]
[White "Matnadze, Ana"]
[Black "Megaranto, Susanto"]
[Result "1/2-1/2"]
[WhiteElo "2389"]
[BlackElo "2499"]
[PlyCount "85"]
[EventDate "2005.08.27"]
[EventType "swiss"]
[EventRounds "10"]
[EventCountry "ESP"]
[Source "lmi"]
[SourceDate "2005.08.30"]

1. d4 c5 2. Nf3 Nf6 3. g3 b6 4. Bg2 Bb7 5. O-O g6 6. c4 Bg7 7. b3 O-O 8. Bb2 d6
9. Nc3 a6 10. Qd2 Nbd7 11. Rfd1 Rc8 12. Rac1 Re8 13. Ne1 Bxg2 14. Nxg2 h5 15.
Nd5 Nxd5 16. cxd5 b5 17. dxc5 Bxb2 18. Qxb2 Rxc5 19. Rxc5 Nxc5 20. Qd4 Qd7 21.
Ne3 a5 22. Rc1 b4 23. Rc4 f6 24. Kg2 Qb7 25. f3 Kg7 26. h4 Qd7 27. Nd1 Kf7 28.
Nf2 e5 29. dxe6+ Qxe6 30. e4 Rc8 31. Nh3 Qe5 32. Qd2 Nxb3 33. axb3 Rxc4 34.
bxc4 b3 35. Nf4 g5 36. hxg5 fxg5 37. Nd3 Qd4 38. Qxg5 Qxd3 39. Qxh5+ Ke7 40.
Qg5+ Kd7 41. Qf5+ Ke7 42. Qg5+ Kd7 43. Qf5+ 1/2-1/2

[Event "7. Open de Sants Hostafrancs"]
[Site "Barcelona ESP"]
[Date "2005.09.04"]
[Round "10.6"]
[White "Marin, Mihail"]
[Black "Gonzalez Garcia, Jose"]
[Result "1/2-1/2"]
[WhiteElo "2537"]
[BlackElo "2478"]
[PlyCount "98"]
[EventDate "2005.08.27"]
[EventType "swiss"]
[EventRounds "10"]
[EventCountry "ESP"]
[Source "lmi"]
[SourceDate "2005.08.30"]

1. c4 e6 2. Nf3 d5 3. b3 Nf6 4. g3 Be7 5. Bg2 O-O 6. O-O b6 7. Bb2 Bb7 8. e3
Nbd7 9. Nc3 c5 10. Qe2 Rc8 11. d3 a6 12. Ne1 Qc7 13. f4 Rfd8 14. e4 dxe4 15.
dxe4 Nb8 16. e5 Bxg2 17. Kxg2 Ne8 18. Nf3 Nc6 19. Ne4 Qb7 20. Rfd1 b5 21. Rac1
bxc4 22. Rxd8 Rxd8 23. Rxc4 Rd5 24. Ba3 Nb4 25. Bxb4 cxb4 26. Nd4 h6 27. Qf3
Qd7 28. Nc6 a5 29. Qe3 Bf8 30. Qa7 Qxa7 31. Nxa7 f5 32. exf6 gxf6 33. Nc6 f5
34. Nf2 Rd2 35. Rd4 Rxa2 36. Rd8 Nf6 37. Kf3 a4 38. bxa4 Rxa4 39. Nd3 Ra3 40.
Ncxb4 Nd5 41. Ke2 Nxb4 42. Nxb4 Kf7 43. Nc6 Ra2+ 44. Rd2 Rxd2+ 45. Kxd2 Bd6 46.
Ke3 Bc5+ 47. Kf3 Kf6 48. Ne5 Bd6 49. Nd3 Bc7 1/2-1/2

[Event "7. Open de Sants Hostafrancs"]
[Site "Barcelona ESP"]
[Date "2005.09.04"]
[Round "10.7"]
[White "Moskalenko, Viktor"]
[Black "Escobar Forero, Alder"]
[Result "1/2-1/2"]
[WhiteElo "2534"]
[BlackElo "2416"]
[PlyCount "49"]
[EventDate "2005.08.27"]
[EventType "swiss"]
[EventRounds "10"]
[EventCountry "ESP"]
[Source "lmi"]
[SourceDate "2005.08.30"]

1. d4 d5 2. c4 c6 3. Nf3 Nf6 4. Nc3 e6 5. e3 Nbd7 6. Qc2 Bd6 7. Be2 dxc4 8.
Bxc4 b5 9. Bd3 Bb7 10. Bd2 a6 11. e4 c5 12. dxc5 Bxc5 13. O-O Rc8 14. a3 Qc7
15. h3 h5 16. Qc1 Ng4 17. Bf4 Nge5 18. Nxe5 Nxe5 19. Be2 Bd6 20. Be3 Nc4 21.
Bxc4 Qxc4 22. Bf4 Bc5 23. Be3 Bd6 24. Bf4 Bc5 25. Be3 1/2-1/2

[Event "7. Open de Sants Hostafrancs"]
[Site "Barcelona ESP"]
[Date "2005.09.04"]
[Round "10.8"]
[White "Gonzalez, Yuri"]
[Black "Alsina Leal, Daniel"]
[Result "1/2-1/2"]
[WhiteElo "2495"]
[BlackElo "2322"]
[PlyCount "63"]
[EventDate "2005.08.27"]
[EventType "swiss"]
[EventRounds "10"]
[EventCountry "ESP"]
[Source "lmi"]
[SourceDate "2005.08.30"]

1. d4 d5 2. c4 c6 3. Nc3 Nf6 4. Nf3 e6 5. e3 Nbd7 6. Qc2 Bd6 7. g4 Nxg4 8. Rg1
f5 9. h3 Ngf6 10. Rxg7 Ne4 11. Bd2 Qf6 12. Rg2 Nf8 13. O-O-O Ng6 14. Bd3 Bd7
15. Rdg1 Bc7 16. Kb1 O-O-O 17. Rc1 dxc4 18. Bxc4 e5 19. d5 Nxd2+ 20. Nxd2 e4
21. Nb3 Kb8 22. Nc5 Ne5 23. Qb3 Bb6 24. Nxd7+ Nxd7 25. dxc6 Qxc6 26. Na4 Nc5
27. Nxc5 Qxc5 28. Rg7 Qe5 29. Rcg1 Rd2 30. Rg8+ Rxg8 31. Rxg8+ Rd8 32. Rxd8+
1/2-1/2

[Event "7. Open de Sants Hostafrancs"]
[Site "Barcelona ESP"]
[Date "2005.09.04"]
[Round "10.9"]
[White "Grigore, George Gabriel"]
[Black "Aloma Vidal, Robert"]
[Result "1-0"]
[WhiteElo "2479"]
[BlackElo "2350"]
[PlyCount "71"]
[EventDate "2005.08.27"]
[EventType "swiss"]
[EventRounds "10"]
[EventCountry "ESP"]
[Source "lmi"]
[SourceDate "2005.08.30"]

1. d4 Nf6 2. c4 e6 3. Nc3 Bb4 4. Qc2 O-O 5. a3 Bxc3+ 6. Qxc3 b6 7. g3 Bb7 8.
Nf3 Be4 9. Bg2 d6 10. O-O Nbd7 11. b4 c6 12. Bb2 Qe7 13. Rfe1 h6 14. Bf1 Bh7
15. Nd2 d5 16. f3 c5 17. dxc5 bxc5 18. cxd5 cxb4 19. axb4 Rfc8 20. Rxa7 Rxc3
21. Rxa8+ Nf8 22. Bxc3 Nxd5 23. Rc1 Qb7 24. Ra3 Qb6+ 25. Kh1 Qe3 26. Rd1 Qf2
27. Nc4 Bd3 28. Ne5 Bxe2 29. Bd4 Bxf3+ 30. Nxf3 Qc2 31. Rd2 Qb1 32. Ra1 Qe4 33.
Bg2 Nxb4 34. Ne5 Qh7 35. Bc5 Nd5 36. Nd7 1-0

[Event "7. Open de Sants Hostafrancs"]
[Site "Barcelona ESP"]
[Date "2005.09.04"]
[Round "10.10"]
[White "Hernando Rodrigo, Julio A"]
[Black "Narciso Dublan, Marc"]
[Result "1/2-1/2"]
[WhiteElo "2371"]
[BlackElo "2476"]
[PlyCount "42"]
[EventDate "2005.08.27"]
[EventType "swiss"]
[EventRounds "10"]
[EventCountry "ESP"]
[Source "lmi"]
[SourceDate "2005.08.30"]

1. d4 e6 2. Nf3 Nf6 3. c4 d5 4. g3 dxc4 5. Qa4+ c6 6. Qxc4 b5 7. Qc2 Bb7 8. Bg2
Nbd7 9. O-O c5 10. a4 b4 11. a5 Rc8 12. dxc5 Nxc5 13. Be3 Be7 14. Rd1 Nd5 15.
Bd4 b3 16. Qd2 Ne4 17. Qd3 Nb4 18. Qxb3 Bd5 19. Qa4+ Bc6 20. Qb3 Bd5 21. Qa4+
Bc6 1/2-1/2

[Event "7. Open de Sants Hostafrancs"]
[Site "Barcelona ESP"]
[Date "2005.09.04"]
[Round "10.11"]
[White "Hernando Rodrigo, Jose Maria"]
[Black "Borges Mateos, Juan"]
[Result "1/2-1/2"]
[WhiteElo "2351"]
[BlackElo "2467"]
[PlyCount "88"]
[EventDate "2005.08.27"]
[EventType "swiss"]
[EventRounds "10"]
[EventCountry "ESP"]
[Source "lmi"]
[SourceDate "2005.08.30"]

1. d4 d5 2. Nf3 Nf6 3. c4 c6 4. Nc3 e6 5. Qb3 Be7 6. g3 dxc4 7. Qxc4 b5 8. Qb3
b4 9. Na4 Nbd7 10. Bd2 Qa5 11. Bg2 Ba6 12. Rc1 O-O 13. O-O Bxe2 14. Rfe1 Ba6
15. Ne5 Nxe5 16. Rxe5 Nd5 17. Nc5 Bf6 18. Bxd5 cxd5 19. Bxb4 Qc7 20. Ree1 Bc4
21. Qe3 a5 22. Nxe6 fxe6 23. Bxf8 Rxf8 24. b3 Qb6 25. bxc4 Bxd4 26. Qxe6+ Qxe6
27. Rxe6 Rxf2 28. Kh1 Bb2 29. Kg1 Bd4 30. Kh1 Bb2 31. Rd1 dxc4 32. Re7 h5 33.
Kg1 Rc2 34. Rd8+ Kh7 35. Rd5 h4 36. gxh4 Bf6 37. Rc7 c3 38. Rh5+ Kg6 39. Rxa5
Rb2 40. Rc6 c2 41. Rac5 Rxa2 42. Rxc2 Rxc2 43. Rxc2 Bxh4 44. Kg2 Bf6 1/2-1/2